000
00293nam a2200121Ia 4500
008
191201s2005 xx 000 0 und d
100
_a
JUNEJA, Akshay
245
0
_a
Mysteries of Love and Life
260
_a
N. Delhi
_b
Partridge
_c
2005
300
_a
80
650
_a
General Books
942
_2
ddc
_c
BK
999
_c
489
_d
489